Normal view
MARC view
Entry Geographic Name
001 - CONTROL NUMBER
- control field: 31730
003 - CONTROL NUMBER IDENTIFIER
- control field: ARRUPE
005 - DATE AND TIME OF LATEST TRANSACTION
- control field: 20170531084343.0
008 - FIXED-LENGTH DATA ELEMENTS
- fixed length control field: 170531|| aca||aabn | a|a d
040 ## - CATALOGING SOURCE
- Original cataloging agency: ARRUPE
- Transcribing agency: ARRUPE
151 ## - HEADING--GEOGRAPHIC NAME
- Geographic name: Africa
- General subdivision: History
- Chronological subdivision: 1960-
670 ## - SOURCE DATA FOUND
- Source citation: Work cat.: (ARRUPE)27236: Sagay, J. O. 31729, Africa, a modern history, 1800-1975 /, 1980, c1978.